000 00944nam a22002897a 4500
003 CHAP
005 20220329140725.0
008 971013s r 00010 d
010 _a56579
011 _a57551
035 _a61706
040 _cCHAP
090 _aFolleto 5965
100 0 0 _aSoberanes Muñoz, Enrique.
_9108003
245 _aAnálisis de costos para el cultivo del henequén
260 _aMéxico, D.F. :
_bComisión Interbancaria de Subsidio,
_c(s.a.)
300 _a(pág. var.)
_b; gráfs.
590 _aBATCH-UPD
_b10
_c20130110
_lUCH01
_h0653
590 _aBATCH-UPD
_b10
_c20130410
_lUCH01
_h0338
590 _aBATCH-UPD
_b10
_c20130914
_lUCH01
_h1606
590 _aCONVERSION
_b10
_c20130109
_lUCH01
_h1330
650 1 4 _aHenequén
_xAspectos económicos
_xYucatán.
_953570
650 1 4 _aHenequén
_xCostos de producción.
_953573
901 _aBK
942 _cFOLL
949 _aFolleto 5965
_bBC
_cFOLL
_d-132496
_eTS1
_i61706
_si
999 _c56579
_d56579